Ľadové kráľovstvo : platinová kolekcia
Dobrodružné příběhy oblíbených hrdinů z království Arendelle.
Uloženo v:
| Médium: | E-kniha |
|---|---|
| Jazyk: | Slovak |
| Vydáno: |
V Prahe :
Egmont,
2023
|
| Vydání: | Prvé vydanie |
| Edice: | Disney. Ľadové kráľovstvo
|
| Témata: | |
| Tagy: |
Žádné tagy |
| LEADER | 02176nam a2200481 i 4500 | ||
|---|---|---|---|
| 001 | 311939 | ||
| 003 | CZ PrSKC | ||
| 005 | 20260601215714.0 | ||
| 007 | ta | ||
| 008 | 230424s2023 xr a b 000 j slo | ||
| 015 | |a cnb003517425 | ||
| 020 | |a 9788025255162 |q (vázáno) | ||
| 035 | |a (OCoLC)1381702933 | ||
| 040 | |a ABG001 |b cze |d ABA001 |e rda | ||
| 041 | 1 | |a slo |h eng | |
| 072 | 7 | |a 821-93 |x Literatura pro děti a mládež (beletrie) |2 Konspekt | |
| 080 | |a 821-32 |2 MRF | ||
| 080 | |a 821-93 |2 MRF | ||
| 080 | |a (0:82-32) |2 MRF | ||
| 245 | 0 | 0 | |a Ľadové kráľovstvo : |b platinová kolekcia |
| 250 | |a Prvé vydanie | ||
| 264 | 1 | |a V Prahe : |b Egmont, |c 2023 | |
| 300 | |a 98 stran : |b barevné ilustrace ; |c 25 cm | ||
| 336 | |a text |b txt |2 rdacontent | ||
| 336 | |a statický obraz |b sti |2 rdacontent | ||
| 337 | |a bez média |b n |2 rdamedia | ||
| 338 | |a svazek |b nc |2 rdacarrier | ||
| 490 | 1 | |a Disney. Ľadové kráľovstvo | |
| 500 | |a Přeloženo z angličtiny | ||
| 500 | |a Na obálce uvedeno: Disney 100 | ||
| 520 | 2 | |a Dobrodružné příběhy oblíbených hrdinů z království Arendelle. |b Vydejte se na ledově zábavnou pohádkovou výpravu! Dozvíte se, jak si sněhulák Olaf našel nového kamaráda, oslavíte kouzelný letní slunovrat, společně s Annou a Kristoffem pohlídáte trollí mimina, s Olafem prožijete vysněný letní den a vypátráte pozapomenuté vánoční tradice pro Annu a Elsu. Nakladatelská anotace. Kráceno. | |
| 521 | 8 | |a Pro děti od 4 let | |
| 655 | 7 | |a příběhy |7 fd133204 |2 czenas | |
| 655 | 7 | |a publikace pro děti |7 fd133156 |2 czenas | |
| 655 | 9 | |a stories |2 eczenas | |
| 655 | 9 | |a children's literature |2 eczenas | |
| 830 | 0 | |a Disney. |p Ľadové kráľovstvo | |
| 900 | |a ABA001 |b 19 | ||
| 928 | 9 | |a Albatros Media - Egmont | |
| 044 | |a xr | ||
| 910 | |a RBIT002 | ||
| 998 | |d 376140 |a https://core.palmknihy.cz/api/books/376140/cover?seoot6 |b https://core.palmknihy.cz/api/books/376140/cover/400?seoot6 |c https://core.palmknihy.cz/api/books/376140/cover/50?seoot6 |e 2026-12-31 |g 104 |i 9788025255162 |k https://core.palmknihy.cz/api/books/376140/preview.pdf |l |q 49 |r 1 |s https://www.palmknihy.cz/kniha/376140 |t ebook |y 2023 |z 0 | ||
| 999 | |d 311937 | ||